000 00885nam a2200205 a 4500
001 22671
003 CO-ViMGA
008 141112s2004 ck r 000 u spa d
040 _aCO-ViMGA
_bspa
_cCO-ViMGA
082 0 4 _a364.1 G874i
100 1 _aGutierrez Ramírez, Jose Antonio
_932318
245 1 0 _aIntroducción a la teoría del delito :
_bEn el nuevo código penal
260 _aBogotá :
_bLeyes,
_c2002
300 _a142
505 _aEsquema clasico 35 - 60 - - Esquema neoclasico 63 - 83 - - Esquema finalista 87 - 104 - - Resumen representativo del esquema causalista y finalista 109 - - Algunos conceptos en las dos corrientes principales modernas finalismo y causalismo 115
590 _aForma de adquisición : Compra - - Precio : 18000 - - Proveedor : Dismet - - Fecha de adquisición : 2008
650 1 4 _aDELITOS
_93324
650 1 4 _aDERECHO PENAL
942 _2ddc
_cBK
999 _c30971
_d30971